000 00461nam a2200157 a 4500
001 000017542
005 20200929165139.0
008 100326s1980 dr 000 0 spa d
040 _aDO-SdBNP
_bspa
_cBNPHU
082 _axxx
_bM516c
100 1 _aMejía y Mejía, Salvador
_938291
245 1 0 _aCharles vete a tu casa y siluetas criollas /
_cSalvador Mejía y Mejía.
260 _aSanto Domingo :
_b[s.n.],
_c1980.
300 _a99 p. ;
_c21 cm.
049 _aBNPD
999 _c17067
_d17067